| 000 | 00961nam a2200229Ia 4500 | ||
|---|---|---|---|
| 003 | Ost | ||
| 005 | 20260507075202.0 | ||
| 008 | 260507s9999||||xx |||||||||||||| ||und|| | ||
| 040 | _cfsecg | ||
| 041 | _aara | ||
| 082 | _a330 | ||
| 100 |
_aعوض، مراد كمال محمد _eمؤلف |
||
| 245 | 0 |
_aالأساليب الكمية في اتخاذ القرارات الادارية : _bبحوث العمليات / _c مراد كمال محمد عوض |
|
| 260 |
_aعمان: _bدار البداية, _c2010 |
||
| 300 |
_a208 صفحة؛ _bإيضاحات ؛ _c24 سم |
||
| 504 | _aمراجع ص.207 | ||
| 520 | _aمفهوم بحوث العمليات ، البرمجة الخطية و النموذج المقابل ، مشاكل النقل و مشكلة التعيين أو التخصيص ، شبكات الأعمال . | ||
| 653 | _aاتخاذ القرارات | ||
| 653 | _aالبحوث | ||
| 653 | _aالقرارت الإدارية | ||
| 942 | _cكتاب | ||
| 999 |
_c43411 _d43411 |
||